000 00692nam a2200289Ia 4500
005 20260324144807.0
008 008 260324s9999 xx 000 0 eng d
020 _a9781315410890
037 _aEBOOK
040 _aCRL
040 _beng
040 _cCRL
041 _2eng
041 _aeng
084 _qCRL
100 _aJohn Evans
245 0 _aPhysical Education, Sport and Schooling
245 0 _bStudies in the Sociology of Physical Education
260 _bTaylor and Francis
260 _c1986
365 _a
365 _b180
856 _uhttp://www.taylorfrancis.com/books/9781315410890
942 _cEBOOK
999 _c1827691
_d1827691